U.S States With the Letter G - Statistics

General Stats
  • This quiz has been taken 117 times
  • The average score is 6 of 7
Answer Stats
U.S States % Correct
Georgia
100%
Wyoming
91%
Oregon
89%
Washington
89%
Michigan
88%
Virginia
87%
West Virginia
87%
No matching quizzes found
Score Distribution
Percent of People with Each Score
Percentile by Number Answered
Your Score History
You have not taken this quiz